| 000 | 01029nam a2200313Ia 4500 | ||
|---|---|---|---|
| 003 | OSt | ||
| 005 | 20221007122827.0 | ||
| 006 | a|||||r|||| 00| 0 | ||
| 007 | ta | ||
| 008 | 221006b |||||||| |||| 00| 0 eng d | ||
| 024 | _a189936 | ||
| 037 |
_bIN1361, 12/03/2014, New India Book Agency _cTextual |
||
| 040 |
_aPAPL _cPAPL _beng |
||
| 041 |
_2eng _aeng |
||
| 082 | _aC9B36, M7;Q2.1 Carpa | ||
| 100 |
_aGreen Michael B _9715331 |
||
| 245 | 0 |
_aSuperstring theory _b Schwarz John H Witten Edward |
|
| 260 |
_aCambridge _bCambridge University _c2012 |
||
| 490 | _vVol. 1 | ||
| 650 |
_a Anomalies _9715332 |
||
| 650 |
_a Loop amplitudes _9715333 |
||
| 650 | _a Phenomenology | ||
| 650 |
_a Superstring theory _9715099 |
||
| 650 | _aPhysics | ||
| 700 |
_a Schwarz John H _9714911 |
||
| 700 |
_a Witten Edward _9715334 |
||
| 942 |
_hC9B36, M7;Q2.1 Carpa _cTEXL _2CC |
||
| 999 |
_c1210998 _d1210998 |
||